<?xml version="1.0" encoding="UTF-8"?>
<record
    xmlns:xsi="http://www.w3.org/2001/XMLSchema-instance"
    xsi:schemaLocation="http://www.loc.gov/MARC21/slim http://www.loc.gov/standards/marcxml/schema/MARC21slim.xsd"
    xmlns="http://www.loc.gov/MARC21/slim">

  <leader>01882cam a2200265 a 4500</leader>
  <controlfield tag="001">000036917</controlfield>
  <controlfield tag="005">20240705073647.0</controlfield>
  <controlfield tag="008">870925m1994    pr a         s011 0 spa d</controlfield>
  <datafield tag="020" ind1=" " ind2=" ">
    <subfield code="a">0847736814</subfield>
  </datafield>
  <datafield tag="040" ind1=" " ind2=" ">
    <subfield code="a">DO-SdBNP</subfield>
    <subfield code="b">spa</subfield>
    <subfield code="c">BNPHU</subfield>
  </datafield>
  <datafield tag="100" ind1="1" ind2=" ">
    <subfield code="a">Hostos, Eugenio Mar&#xED;a de,</subfield>
    <subfield code="d">1839-1903</subfield>
    <subfield code="9">1352</subfield>
  </datafield>
  <datafield tag="240" ind1="1" ind2="0">
    <subfield code="a">Obras completas</subfield>
  </datafield>
  <datafield tag="245" ind1="1" ind2="0">
    <subfield code="a">Cr&#xED;tica /</subfield>
    <subfield code="c">Eugenio Mar&#xED;a de Hostos ; edici&#xF3;n revisada y anotada por Julio C&#xE9;sar L&#xF3;pez y Vivian Quiles Calder&#xED;n, con la colaboraci&#xF3;n de Marcos Reyes D&#xE1;vila ; pr&#xF3;logo por Marcos Reyes D&#xE1;vila.</subfield>
  </datafield>
  <datafield tag="260" ind1=" " ind2=" ">
    <subfield code="a">R&#xED;o Piedras :</subfield>
    <subfield code="b">Instituto de Estudios Hostosianos :</subfield>
    <subfield code="b">Instituto de Cultura Puertorrique&#xF1;a :</subfield>
    <subfield code="b">Universidad de Puerto Rico,</subfield>
    <subfield code="c">1994.</subfield>
  </datafield>
  <datafield tag="300" ind1=" " ind2=" ">
    <subfield code="a">539 p. :</subfield>
    <subfield code="b">il. ;</subfield>
    <subfield code="c">24 cm.</subfield>
  </datafield>
  <datafield tag="490" ind1="0" ind2=" ">
    <subfield code="a">Obras completas (edici&#xF3;n cr&#xED;tica) ; vol. 1. Literatura ;</subfield>
    <subfield code="v">t. 3</subfield>
  </datafield>
  <datafield tag="504" ind1=" " ind2=" ">
    <subfield code="a">Incluye bibliograf&#xED;as e &#xED;ndices.</subfield>
  </datafield>
  <datafield tag="505" ind1="0" ind2=" ">
    <subfield code="t">La cr&#xED;tica deicida de Hostos o la incandescencia de Am&#xE9;rica /</subfield>
    <subfield code="r">por Marcos Reyes D&#xE1;vila. --</subfield>
    <subfield code="t">Cr&#xED;tica: conceptos y proyecciones. --</subfield>
    <subfield code="t">Cr&#xED;tica literaria de poes&#xED;a. --</subfield>
    <subfield code="t">Cr&#xED;tica literaria de teatro. --</subfield>
    <subfield code="t">Cr&#xED;tica literaria de narrativa. --</subfield>
    <subfield code="t">Cr&#xED;tica diversa de pintura y escultura. --</subfield>
    <subfield code="t">Cr&#xED;tica diversa de m&#xFA;sica. --</subfield>
    <subfield code="t">Boceto sobre Pl&#xE1;cido. --</subfield>
    <subfield code="t">Datos sobre Pl&#xE1;cido. --</subfield>
    <subfield code="t">El argumento de Bartrina. --</subfield>
    <subfield code="t">Morat&#xED;n y goethe. --</subfield>
    <subfield code="t">Acerca de Hamlet /</subfield>
    <subfield code="r">por V&#xED;ctor Hugo; traducci&#xF3;n y carta introductoria de Eugenio Mar&#xED;a de Hostos. --</subfield>
    <subfield code="t">Fragmentos de Romeo y Julieta citados por Hostos.--</subfield>
    <subfield code="t">Fragmentos de Hamlet citados por Hostos. --</subfield>
    <subfield code="t">Un cr&#xED;tico /</subfield>
    <subfield code="r">estudios literarios por don Francisco Giner.</subfield>
  </datafield>
  <datafield tag="600" ind1="1" ind2="4">
    <subfield code="a">HOSTOS, EUGENIO MAR&#xCD;A DE,</subfield>
    <subfield code="d">1865-1878</subfield>
    <subfield code="x">COLECCIONES DE ESCRITOS</subfield>
    <subfield code="9">63316</subfield>
  </datafield>
  <datafield tag="650" ind1="2" ind2="4">
    <subfield code="a">Literatura puertorrique&#xF1;a</subfield>
    <subfield code="9">250</subfield>
  </datafield>
  <datafield tag="650" ind1="2" ind2="4">
    <subfield code="a">Cr&#xED;tica literaria</subfield>
    <subfield code="9">3141</subfield>
  </datafield>
  <datafield tag="700" ind1="1" ind2=" ">
    <subfield code="a">L&#xF3;pez, Julio C&#xE9;sar,</subfield>
    <subfield code="e">ed.</subfield>
    <subfield code="9">9028</subfield>
  </datafield>
  <datafield tag="700" ind1="1" ind2=" ">
    <subfield code="a">Quiles Calder&#xED;n, Vivian,</subfield>
    <subfield code="e">ed.</subfield>
    <subfield code="9">9027</subfield>
  </datafield>
  <datafield tag="700" ind1="1" ind2=" ">
    <subfield code="a">Reyes D&#xE1;vila, Marcos,</subfield>
    <subfield code="e">pr&#xF3;l.</subfield>
    <subfield code="9">63317</subfield>
  </datafield>
  <datafield tag="952" ind1=" " ind2=" ">
    <subfield code="0">0</subfield>
    <subfield code="1">0</subfield>
    <subfield code="5">4</subfield>
    <subfield code="7">0</subfield>
    <subfield code="8">MO</subfield>
    <subfield code="a">GR</subfield>
    <subfield code="b">GR</subfield>
    <subfield code="c">CT</subfield>
    <subfield code="d">2012-02-06</subfield>
    <subfield code="i">LF1</subfield>
    <subfield code="l">0</subfield>
    <subfield code="o">v.1, t.3</subfield>
    <subfield code="p">36917-10</subfield>
    <subfield code="r">2020-06-25</subfield>
    <subfield code="w">2020-06-25</subfield>
    <subfield code="y">4</subfield>
    <subfield code="Z">Pr&#xE9;stamo en sala</subfield>
  </datafield>
  <datafield tag="999" ind1=" " ind2=" ">
    <subfield code="c">36407</subfield>
    <subfield code="d">36407</subfield>
  </datafield>
</record>
